000 00678nam a2200229 a 4500
001 59453
003 BD-RjUL
005 20211209080731.0
008 161226s1950 enk 000 0 eng
035 _a(BD-RjUL)59577
040 _aDLC
_cIGreviC
_dBD-RjUL
_beng
041 _aeng
082 _a193.9
_223
_bJAP 1950
100 1 _aJaspers, Karl,
_d1883-1969
_9176823
245 1 4 _aThe perennial scope of philosophy /
_cTranslated by Ralph Manheim.
260 _aLondon :
_bRoutledge & K. Paul,
_c1950
300 _a180 p. ;
_c22 cm.
500 _aTranslation of Der philosophische Glaube.
650 0 _aPhilosophy.
_9170555
942 _2ddc
_cBK
999 _c59453
_d59453